Kolo času. Oko světa /
Úvodní kniha rozsáhlé epické fantasy. Kolo času se otáčí a věky přicházejí a odcházejí. Temný se probouzí a Poslední bitva se blíží - je načase, aby se podle proroctví znovu zrodil Drak.
Uloženo v:
| Série: | Kolo času,
část 1 |
|---|---|
| Hlavní autor: | |
| Další autoři: | |
| Médium: | E-kniha |
| Jazyk: | Czech |
| Vydáno: |
Praha :
Euromedia Group,
2022
|
| Vydání: | Vydání třetí, v Laseru první |
| Témata: | |
| Příbuzné jednotky: | Z cyklu::
Kolo času |
| Tagy: |
Žádné tagy |
| LEADER | 03012nam a2200505 i 4500 | ||
|---|---|---|---|
| 001 | 311799 | ||
| 003 | CZ PrSKC | ||
| 005 | 20260601215712.0 | ||
| 007 | ta | ||
| 008 | 221103s2022 xr g 000 f cze | ||
| 015 | |a cnb003439618 | ||
| 020 | |a 9788024284392 |q (vázáno) | ||
| 035 | |a (OCoLC)1354196148 | ||
| 040 | |a ABG001 |b cze |d ABA001 |e rda | ||
| 041 | 1 | |a cze |h eng | |
| 072 | 7 | |a 821.111(73)-3 |x Americká próza |2 Konspekt | |
| 080 | |a 821.111(73)-31 |2 MRF | ||
| 080 | |a (0:82-312.9) |2 MRF | ||
| 100 | 1 | |a Jordan, Robert, |d 1948-2007 |7 jn20020422021 |4 aut | |
| 240 | 1 | 0 | |a Eye of the world. |l Česky |
| 245 | 1 | 0 | |a Kolo času. |p Oko světa / |c Robert Jordan ; přeložila Dana Krejčová |
| 246 | 3 | 0 | |a Oko světa |
| 250 | |a Vydání třetí, v Laseru první | ||
| 264 | 1 | |a Praha : |b Euromedia Group, |c 2022 | |
| 300 | |a 757 stran, 24 nečíslovaných stran ; |c 22 cm | ||
| 336 | |a text |b txt |2 rdacontent | ||
| 337 | |a bez média |b n |2 rdamedia | ||
| 338 | |a svazek |b nc |2 rdacarrier | ||
| 500 | |a "Vydala Euromedia Group, a.s. - v edici Laser"--Tiráž | ||
| 500 | |a Přeloženo z angličtiny | ||
| 500 | |a V tiráži chybně uveden název originálu: Eye of the wordl, správně je: Eye of the world | ||
| 520 | 2 | |a Úvodní kniha rozsáhlé epické fantasy. Kolo času se otáčí a věky přicházejí a odcházejí. Temný se probouzí a Poslední bitva se blíží - je načase, aby se podle proroctví znovu zrodil Drak. |b Dnes již klasická high fantasy série s tradičními prvky boje dobra a zla, cesty hrdiny a cyklického času. Rand, ovčák z Dvouříčí, zapadlého podhorského kraje, nečekaně zjistí, že jej a jeho přátele loví stvoření Temného - polozvířecí trolloci a děsiví myrddraalové. Do vsi přijíždí Moirain z řádu Aes Sedai, čarodějek, které v lidech často budí strach a nedůvěru. Ona a její strážce Lan jsou ale Randovou jedinou nadějí. Aby ochránil své blízké, musí se vydat na dalekou cestu. Spolu s přáteli Matem a Perrinem, vesnickou vědmou Nyneivou a Randovou přítelkyní Egwain, doprovázeni potulným kejklířem Tomem Merrilinem vyrážejí směrem k Tar Valonu, městu Aes Sedai. Osud je však místo toho zavede k pověstmi opředenému Oku světa. | |
| 655 | 7 | |a americké romány |7 fd131796 |2 czenas | |
| 655 | 7 | |a fantasy romány |7 fd184199 |2 czenas | |
| 655 | 9 | |a American fiction |2 eczenas | |
| 655 | 9 | |a fantasy novels |2 eczenas | |
| 700 | 1 | |a Krejčová, Dana |7 jn20011018473 |4 trl | |
| 787 | 0 | 8 | |i Z cyklu: |t Kolo času |g 1 |
| 900 | |a ABA001 |b 20 | ||
| 928 | 9 | |a Laser | |
| 928 | 9 | |a Euromedia Group - Laser | |
| 044 | |a xr | ||
| 910 | |a RBIT002 | ||
| 998 | |d 366151 |a https://core.palmknihy.cz/api/books/366151/cover?rnvdt7 |b https://core.palmknihy.cz/api/books/366151/cover/400?rnvdt7 |c https://core.palmknihy.cz/api/books/366151/cover/50?rnvdt7 |e 2027-10-01 |g 784 |i 9788024284392 |j https://core.palmknihy.cz/api/books/366151/preview.epub |l |q 49 |r 1 |s https://www.palmknihy.cz/kniha/366151 |t ebook |y 2022 |z 0 |v Kolo času |w 1 | ||
| 999 | |d 311797 | ||